Lenguaje musical 1: libro del alumno

Na minha lista:
Detalhes bibliográficos
Main Authors: Sarget Ros, María Angeles (Author), Beltrán Romero, Marcelo (Author), Molto Moreno, Ma. Angeles (Author)
Formato: Livro
Idioma:espanhol
Publicado em: Valencia Piles, Editorial de Música 1993
Assuntos:
Tags: Adicionar Tag
Sem tags, seja o primeiro a adicionar uma tag!

MARC

LEADER 00000nam a2200000 a 4500
001 UCN4568
003 CL-VaPUC
008 010803e19930000SP |||||||||||||||||spa|d
082 0 4 |a 372.87  |b SAR  |2 21 
100 0 |a Sarget Ros, María Angeles  |e author  |9 460986 
700 0 |a Beltrán Romero, Marcelo  |e author  |9 460987 
700 0 |a Molto Moreno, Ma. Angeles  |e author  |9 460988 
245 1 0 |a Lenguaje musical 1: libro del alumno 
300 |a 69 p 
942 |c BK 
945 |d 20010803 00:00:00  |a crobeson 
260 |a Valencia  |b Piles, Editorial de Música  |c 1993 
500 |a Metodología acorde con la L.O.G.S.E 
650 7 |a LECTURA Y EJECUCION DE PARTITURAS  |2 CL-VaPUC  |9 460989 
650 7 |a MUSICA PARA NIÑOS PARTITURAS  |2 CL-VaPUC  |9 460990 
583 |a last modification  |c 20010803 00:00:00  |k Rodrigo Vera 
999 |c 296736  |d 296734 
952 |0 0  |1 0  |4 0  |6 372_870000000000000_SAR_1993  |7 0  |8 A  |9 350836  |a BIBEDU  |b BIBEDU  |d 2019-11-20  |i 3047059  |o 372.87 SAR 1993  |p 3047059  |r 2023-01-12  |w 2019-11-20  |y BK  |k MUS